[Event "Titled Tuesday intern op 02nd May Early"]
[Site "Chess.com INT"]
[Date "2023.05.02"]
[Round "2"]
[White "Arpita, Mukherjee"]
[Black "Levitan, Caleb Levi"]
[Result "1-0"]
[WhiteElo "2160"]
[BlackElo "2129"]
[PlyCount "71"]
[EventDate "2023.05.02"]
[EventType "swiss (blitz)"]
[EventRounds "11"]
[EventCountry "USA"]
[SourceTitle "EXT 2024"]
[Source "ChessBase"]
[SourceDate "2023.10.10"]
[SourceVersion "1"]
[SourceVersionDate "2023.10.10"]
[SourceQuality "1"]

1. e4 c5 2. Nf3 e6 3. d4 cxd4 4. Nxd4 a6 5. Bd3 Bc5 6. Nb3 Ba7 7. Qg4 Nf6 8. Qe2 0-0 9. Nc3 Nc6 10. e5 Ne8 11. h4 d6 12. Bg5 Qc7 13. exd6 Nxd6 14. 0-0-0 b5 15. Ne4 Nxe4 16. Bxe4 Bb7 17. Rh3 Nb4 18. a3 Bxe4 19. Qxe4 Nd5 20. Rd2 a5 21. Rg3 Bxf2 22. Rf3 Bb6 23. h5 Qh2 24. h6 Qg1+ 25. Rd1 Qxg2 26. hxg7 Qxg5+ 27. Kb1 Qxg7 28. Qh4 Kh8 29. Rh1 Rg8 30. Rg3 a4 31. Rxg7 Rxg7 32. Nd2 Rag8 33. Ne4 Ne3 34. Ng5 Nc4 35. Qxh7+ Rxh7 36. Rxh7# 1-0

[Event "Titled Tuesday intern op 02nd May Early"]
[Site "Chess.com INT"]
[Date "2023.05.02"]
[Round "10"]
[White "Bluvshtein, Mark"]
[Black "Arpita, Mukherjee"]
[Result "1-0"]
[WhiteElo "2590"]
[BlackElo "2160"]
[PlyCount "75"]
[EventDate "2023.05.02"]
[EventType "swiss (blitz)"]
[EventRounds "11"]
[EventCountry "USA"]
[SourceTitle "EXT 2024"]
[Source "ChessBase"]
[SourceDate "2023.10.10"]
[SourceVersion "1"]
[SourceVersionDate "2023.10.10"]
[SourceQuality "1"]

1. d4 Nf6 2. c4 g6 3. Nc3 Bg7 4. e4 d6 5. Nf3 0-0 6. Be2 e5 7. 0-0 Nc6 8. d5 Ne7 9. Ne1 Ne8 10. Be3 f5 11. f3 f4 12. Bf2 g5 13. c5 h5 14. Rc1 Ng6 15. cxd6 cxd6 16. Nb5 a6 17. Na3 b5 18. Nac2 Nf6 19. Nb4 g4 20. Nc6 Qe8 21. Kh1 g3 22. Bb6 h4 23. h3 Nh7 24. Bd8 Bd7 25. Bc7 Rf6 26. Rg1 Ng5 27. Bf1 Rc8 28. Ba5 Kh7 29. a4 Bxh3 30. gxh3 Qd7 31. axb5 Nxh3 32. Rg2 Nf2+ 33. Rxf2 gxf2 34. Nd3 axb5 35. Nxf2 Qf7 36. Bh3 Rf8 37. Ng4 Ne7 38. Nd8 1-0

[Event "Titled Tuesday intern op 25th Apr Early"]
[Site "Chess.com INT"]
[Date "2023.04.25"]
[Round "7"]
[White "Gunina, Valentina"]
[Black "Arpita, Mukherjee"]
[Result "1-0"]
[WhiteElo "2469"]
[BlackElo "2203"]
[PlyCount "67"]
[EventDate "2023.04.25"]
[EventType "swiss (blitz)"]
[EventRounds "11"]
[EventCountry "USA"]
[SourceTitle "EXT 2024"]
[Source "ChessBase"]
[SourceDate "2023.10.10"]
[SourceVersion "1"]
[SourceVersionDate "2023.10.10"]
[SourceQuality "1"]

1. d4 Nf6 2. c4 g6 3. h4 c5 4. d5 d6 5. Nc3 Bg7 6. e4 h5 7. Be2 0-0 8. Nf3 e6 9. dxe6 Bxe6 10. Ng5 Bc8 11. Bf4 Qb6 12. Rb1 Rd8 13. 0-0 Nc6 14. Bxd6 Nd4 15. e5 Rxd6 16. exd6 Qxd6 17. Bd3 Bg4 18. f3 Bd7 19. Qd2 Qg3 20. Qf2 Qf4 21. Rfe1 Nh7 22. g3 Qc7 23. Nxh7 Kxh7 24. Nd5 Qd6 25. Kg2 b5 26. b3 Nf5 27. Bxf5 Bxf5 28. Rbd1 Bd4 29. Rxd4 cxd4 30. Qxd4 Qa3 31. Nf6+ Kh6 32. Re2 Qc1 33. g4 hxg4 34. fxg4 1-0

[Event "Titled Tuesday intern op 11th Apr Early"]
[Site "Chess.com INT"]
[Date "2023.04.11"]
[Round "8"]
[White "Timofeev, Artyom"]
[Black "Arpita, Mukherjee"]
[Result "1-0"]
[WhiteElo "2567"]
[BlackElo "2203"]
[PlyCount "111"]
[EventDate "2023.04.11"]
[EventType "swiss (blitz)"]
[EventRounds "11"]
[EventCountry "USA"]
[SourceTitle "CBM 213 Extra"]
[Source "ChessBase"]
[SourceDate "2023.05.31"]
[SourceVersion "1"]
[SourceVersionDate "2023.05.31"]
[SourceQuality "1"]

1. c4 Nf6 2. Nc3 g6 3. e4 d6 4. g3 Bg7 5. Bg2 0-0 6. Nge2 c5 7. 0-0 Nc6 8. d3 a6 9. h3 Bd7 10. Be3 Rb8 11. a4 e5 12. f4 exf4 13. Nxf4 Re8 14. Kh2 Ne5 15. Kh1 b5 16. axb5 axb5 17. b3 bxc4 18. bxc4 Rb2 19. Rb1 Qb8 20. Nb5 Rxb1 21. Qxb1 h6 22. Qb3 g5 23. Ne2 d5 24. Bxc5 Nxd3 25. Qxd3 dxc4 26. Qf3 Bxb5 27. Bd4 Re6 28. Nc3 Bc6 29. Nd5 Bxd5 30. exd5 Ra6 31. Qe3 Qb3 32. Qf2 Qd3 33. Be5 c3 34. d6 c2 35. Bxf6 Bxf6 36. Qxf6 Qc4 37. d7 Rxf6 38. d8Q+ Kh7 39. Qxf6 c1Q 40. Qf5+ Kh8 41. Rxc1 Qxc1+ 42. Kh2 Qc7 43. Qf6+ Kg8 44. Qxh6 Qe5 45. Qh5 Kg7 46. Qg4 Qf6 47. h4 Kh6 48. Qxg5+ Qxg5 49. hxg5+ Kxg5 50. Bh3 f5 51. Kg2 f4 52. g4 Kh4 53. Kf3 Kxh3 54. Kxf4 Kh4 55. Kf5 Kg3 56. g5 1-0

[Event "IND-ch (Women) 48th"]
[Site "Hatkanangale"]
[Date "2023.01.04"]
[Round "10"]
[White "Bhagyashree, Patil"]
[Black "Arpita, Mukherjee"]
[Result "0-1"]
[WhiteElo "1920"]
[BlackElo "2211"]
[PlyCount "68"]
[EventDate "2022.12.26"]
[EventType "swiss"]
[EventRounds "11"]
[EventCountry "IND"]
[SourceTitle "CBM 212 Extra"]
[Source "ChessBase"]
[SourceDate "2023.03.31"]
[SourceVersion "1"]
[SourceVersionDate "2023.03.31"]
[SourceQuality "1"]

1. d4 Nf6 2. Nf3 c5 3. d5 d6 4. c4 b5 5. Nbd2 bxc4 6. e4 g6 7. Bxc4 Bg7 8. 0-0 0-0 9. Rb1 Ba6 10. Qe2 Qa5 11. a3 Bxc4 12. Qxc4 Nbd7 13. b4 cxb4 14. axb4 Qb6 15. Bb2 Rfc8 16. Qd3 Ng4 17. h3 Bxb2 18. Rxb2 Nge5 19. Qd4 Nxf3+ 20. Nxf3 Ne5 21. Qd1 Nxf3+ 22. Qxf3 Qd4 23. Qe2 Rc4 24. b5 Rb8 25. Re1 a5 26. Rd2 Qc5 27. e5 Rf4 28. exd6 exd6 29. Qe7 a4 30. Ree2 a3 31. Kh2 Rf5 32. Re3 Kg7 33. Ra2 Ra8 34. b6 Qxb6 0-1